Misterio del hombre en la Biblia / J. R. Sheifler

Enregistré dans:
Détails bibliographiques
Auteur principal: Sheifler, J. R. (autor)
Format: Livre
Collection:Cuadernos Cud ; 3
Sujets:
Tags: Ajouter un tag
Pas de tags, Soyez le premier à ajouter un tag!

MARC

LEADER 00000nam^a2200000^u^4500
001 000551453
005 20250521000000.0
008 060220s1000^^^^^^^^^^^^r^^^^^000^0^spa^d
009 20260310131556.085
035 |a FMI 000021237 
037 |a Acervo Xavier Clavigero 
096 |a 5.6.6/22/E 
100 |a Sheifler, J. R.  |e (autor) 
245 1 0 |a Misterio del hombre en la Biblia / J. R. Sheifler 
264 |a Bilbao : Deya, 1964 
300 |a 75 p. 
336 |a texto  |b txt  |2 rdacontenido 
337 |a sin mediación  |b n  |2 rdamedio 
338 |a volumen  |b nc  |2 rdasoporte 
440 0 |a Cuadernos Cud ; 3 
649 |a XX 
650 |a Hombre y Mundo Actual 
910 |a Fondo Francisco Migoya Covarrubias S.J. 
920 |a Impresos - Libros 
930 |a Fondos Especiales 
905 |a 134 
901 |a SBC24715  |b IT2  |c ESP  |u 20250521 
902 |a https://opac.biblio.iteso.mx/vufind/Record/000551453